| 000 | 00537nam a2200229Ia 4500 | ||
|---|---|---|---|
| 005 | 20251020182546.0 | ||
| 008 | 200515s9999 xx 000 0 und d | ||
| 082 | _a747:728.71/H99/6 | ||
| 110 | _aEdiciones Hymsa | ||
| 245 | 0 | _aDecoración : Teoría y práctica : Otros espacios | |
| 260 | _aBarcelona | ||
| 260 | _cs. a. | ||
| 300 | _a64 | ||
| 500 | _a1 ejemplar | ||
| 650 | _aDECORACION | ||
| 650 | _aJARDINES | ||
| 650 | _aLIB | ||
| 650 | _aSALAS DE ESPERA | ||
| 650 | _aTERRAZAS | ||
| 650 | _aVESTIDORES | ||
| 942 | _cLIB | ||
| 999 |
_c2562 _d2562 |
||